Cálculo de varias variables (Registro nro. 5088)

Detalles MARC
000 - LÍDER
campo de control de longitud fija 01154nam a2200313Ia 4500
005 - FECHA Y HORA DE LA ÚLTIMA TRANSACCIÓN
campo de control 20210727153251.0
008 - ELEMENTOS DE DATOS DE LONGITUD FIJA - INFORMACIÓN GENERAL
campo de control de longitud fija 160315s2011 ck g 000 0 spa
020 ## - INTERNATIONAL STANDARD BOOK NUMBER
International Standard Book Number 9789686866523
082 04 - NÚMERO DE CLASIFICACIÓN DECIMAL DEWEY
Número de clasificación 515.33
Número de artículo C72c
040 ## - FUENTE DE CATALOGACIÓN
Agencia de catalogación original CO-BoRNBP
Lenguaje de catalogación spa
Descripción convenciones rda
Agencia de transcripción CO-BoRNBP
100 1# - ENTRADA PRINCIPAL - NOMBRE PERSONAL
Nombre de la persona Stewart, James Maitland,
Fechas asociadas a un nombre 1908-1997
245 10 - TÍTULO DECLARACIÓN
Título Cálculo de varias variables
Resto del título trascendentes tempranas
Declaración de responsabilidad James Stewart ; traducción Jorge Humberto Romo M.
250 ## - DECLARACIÓN DE EDICIÓN
Sentencia de edición 6a. edición
264 ## - AVISO DE PRODUCCIÓN, PUBLICACIÓN, DISTRIBUCIÓN, FABRICACIÓN Y DERECHOS DE AUTOR
Lugar de producción México
Nombre del productor Cengage Learning
Fecha de producción 2011
300 ## - DESCRIPCIÓN FÍSICA
Alcance xvii, [1211] en paginación variada
Otros datos físicos cuadros, graficos
Dimensiones 27 cm
336 ## - TIPO DE CONTENIDO
Tipo de contenido texto
Código de tipo de contenido txt
Fuente rdacontent
337 ## - TIPO DE MEDIO
Término del tipo de medio sin mediación
Código de tipo de medio n
Fuente rdamedia
338 ## - TIPO DE PORTADOR
Término del tipo de operador volumen
Código de tipo de operador nc
Fuente rdacarrier
500 ## - NOTA GENERAL
Nota general Incluye índice
500 ## - NOTA GENERAL
Nota general Paginación continua del título cálculo de una variable
534 ## - NOTA DE VERSIÓN ORIGINAL
Declaración de título del original Multivariable calculus early trascendentals
650 14 - ENTRADA DE SUJETO AÑADIDO - TÉRMINO TÓPICO
Fuente del título o término LEMB
Término tópico o elemento de entrada del nombre geográfico Cálculo diferencial
650 14 - ENTRADA DE SUJETO AÑADIDO - TÉRMINO TÓPICO
Fuente del título o término LEMB
Término tópico o elemento de entrada del nombre geográfico Cálculo
Subdivisión de forma Problemas, ejercicios, etc.
650 14 - ENTRADA DE SUJETO AÑADIDO - TÉRMINO TÓPICO
Fuente del título o término LEMB
700 1# - ENTRADA AGREGADA - NOMBRE PERSONAL
Nombre de la persona Romo Muñoz, Jorge Humberto,
Término del Relator traductor
700 1# - ENTRADA AGREGADA - NOMBRE PERSONAL
Nombre de la persona Flores Rosas, Misael,
Término del Relator revisor
700 1# - ENTRADA AGREGADA - NOMBRE PERSONAL
Nombre de la persona Betsill, Brian
Término del Relator ilustrador
942 ## - ELEMENTOS DE ENTRADA AGREGADOS (KOHA)
Fuente de clasificación o esquema de estanterías Dewey Decimal Classification
Tipo de artículo Koha Libro
Existencias
Estado de retirada Pérdida de estatus Fuente de clasificación o esquema de estanterías Estado dañado No para préstamo Código de recogida Ubicación permanente Ubicación actual Ubicación de las estanterías Fecha de adquisición Fuente de adquisición Total de Cajas Número Topográfico Código de barras Precio efectivo desde Número de copia Fecha de la última vez que se vio Tipo de artículo Koha
    Dewey Decimal Classification     General Biblioteca Pública Municipal Isaías Naranjo Ríos Biblioteca Pública Municipal Isaías Naranjo Ríos Área General 09/10/2012 Dotación ministerio de cultura   515.33 C72c API01 - 0526 08/06/2024 EJ. 1 08/06/2024 Libro